[Event "RA Introductory Active"]
[Site "Ottawa CAN"]
[Date "2006.09.07"]
[Round "1"]
[White "Xiong, Wei"]
[Black "Pacey, Kevin"]
[Result "0-1"]
[WhiteElo "1564"]
[BlackElo "2137"]
[PlyCount "82"]
[EventDate "2006.09.07"]
[EventType "swiss (rapid)"]
[EventRounds "6"]
[EventCountry "CAN"]

1. e4 d6 2. Nf3 Nf6 3. d3 e5 4. Nc3 c6 5. Be2 Be7 6. O-O Nbd7 7. b3 Nc5 8. Bb2
Ne6 9. Re1 Qc7 10. Bf1 O-O 11. Nh4 Nf4 12. g3 Nh3+ 13. Bxh3 Bxh3 14. Qf3 Bg4
15. Qe3 h6 16. Ne2 Nh7 17. f3 Bxh4 18. fxg4 Bg5 19. Qf3 Qb6+ 20. d4 Bf6 21.
Rad1 Ng5 22. Qf5 exd4 23. Nxd4 Ne6 24. c3 Nxd4 25. cxd4 Rae8 26. Kg2 Qa6 27.
Rd2 c5 28. h4 Bxd4 29. e5 Qc6+ 30. Kh3 Rxe5 31. Rxe5 dxe5 32. Bxd4 exd4 33. g5
Qe6 34. Rf2 hxg5 35. hxg5 d3 36. g4 Qxf5 37. gxf5 Rd8 38. Rd2 b5 39. Kg4 c4 40.
Kf3 c3 41. Rd1 c2 0-1

[Event "RA Introductory Active"]
[Site "Ottawa CAN"]
[Date "2006.09.07"]
[Round "2"]
[White "Pacey, Kevin"]
[Black "Sadeghi, Saeid"]
[Result "1/2-1/2"]
[WhiteElo "2137"]
[BlackElo "1854"]
[PlyCount "57"]
[EventDate "2006.09.07"]
[EventType "swiss (rapid)"]
[EventRounds "6"]
[EventCountry "CAN"]

1. f4 d5 2. e3 Nf6 3. Nf3 c5 4. Be2 Nc6 5. O-O g6 6. d3 Bg7 7. Nc3 O-O 8. e4
dxe4 9. dxe4 Qxd1 10. Rxd1 Nb4 11. e5 Ne8 12. Nd5 Nxd5 13. Rxd5 b6 14. Rd8 Nc7
15. Rxf8+ Kxf8 16. Ng5 h6 17. Ne4 Ne6 18. c3 Bb7 19. Bf3 Rd8 20. Be3 f6 21.
exf6 exf6 22. Nxc5 Nxc5 23. Bxc5+ bxc5 24. Bxb7 Rb8 25. Bd5 Rxb2 26. f5 gxf5
27. Bb3 Re2 28. Rf1 Re5 29. Bc2 1/2-1/2

[Event "RA Introductory Active"]
[Site "Ottawa CAN"]
[Date "2006.09.07"]
[Round "3"]
[White "Holmes, Mike"]
[Black "Pacey, Kevin"]
[Result "0-1"]
[WhiteElo "1705"]
[BlackElo "2137"]
[PlyCount "74"]
[EventDate "2006.09.07"]
[EventType "swiss (rapid)"]
[EventRounds "6"]
[EventCountry "CAN"]

1. d4 c6 2. e4 d5 3. exd5 cxd5 4. c4 Nf6 5. Nc3 g6 6. Nf3 Bg7 7. c5 O-O 8. Be2
b6 9. cxb6 Qxb6 10. O-O Bg4 11. Ne5 Bxe2 12. Nxe2 Rc8 13. Qb3 Qxb3 14. axb3 Nc6
15. Bd2 Ne4 16. Bc3 Nxc3 17. bxc3 Nxe5 18. dxe5 Bxe5 19. Rac1 a5 20. Nd4 Rab8
21. f4 Bxd4+ 22. cxd4 Rxc1 23. Rxc1 Rxb3 24. Rc5 e6 25. Rxa5 Rb4 26. Kf2 Rxd4
27. Ke3 Rb4 28. Ra2 Kg7 29. Rc2 h5 30. g3 Kf6 31. Ra2 Kf5 32. Ra7 f6 33. Ra6
Rb3+ 34. Kf2 Rb2+ 35. Kg1 e5 36. Ra5 d4 37. h3 d3 0-1

[Event "RA Introductory Active"]
[Site "Ottawa CAN"]
[Date "2006.09.14"]
[Round "4"]
[White "Pacey, Kevin"]
[Black "Qin, Zi Yi (Joey)"]
[Result "1-0"]
[WhiteElo "2137"]
[BlackElo "1297"]
[PlyCount "63"]
[EventDate "2006.09.07"]
[EventType "swiss (rapid)"]
[EventRounds "6"]
[EventCountry "CAN"]

1. d4 Nf6 2. c4 e6 3. g3 d5 4. Bg2 c5 5. cxd5 exd5 6. Nf3 Nc6 7. Nc3 Bg4 8. Ne5
cxd4 9. Nxg4 dxc3 10. Nxf6+ Qxf6 11. bxc3 Bc5 12. O-O d4 13. cxd4 Bxd4 14. Rb1
Bb6 15. Ba3 Rd8 16. Qc2 Rd7 17. e3 Ne7 18. Qa4 Qe6 19. Rfd1 Nc6 20. Rxd7 Qxd7
21. Rd1 Qc8 22. Rc1 Qe6 23. Bxc6+ bxc6 24. Rxc6 Qd7 25. Qe4+ Kd8 26. Rd6 Re8
27. Qa8+ Kc7 28. Rxd7+ Kxd7 29. Qb7+ Kd8 30. Qxf7 h6 31. Bf8 Bc7 32. Bxg7 1-0

[Event "RA Introductory Active"]
[Site "Ottawa CAN"]
[Date "2006.09.14"]
[Round "5"]
[White "Hum, Peter"]
[Black "Pacey, Kevin"]
[Result "1/2-1/2"]
[WhiteElo "2055"]
[BlackElo "2137"]
[PlyCount "87"]
[EventDate "2006.09.07"]
[EventType "swiss (rapid)"]
[EventRounds "6"]
[EventCountry "CAN"]

1. d4 c6 2. c4 d5 3. Nc3 Nf6 4. e3 g6 5. Nf3 Bg7 6. Bd3 O-O 7. O-O Bg4 8. h3
Bxf3 9. Qxf3 e6 10. Rd1 Nbd7 11. cxd5 exd5 12. Rb1 a5 13. b3 Qe7 14. Bd2 Rfe8
15. Rdc1 h5 16. Na4 Ne4 17. Bxe4 dxe4 18. Qg3 Rec8 19. Nc5 Nxc5 20. Rxc5 a4 21.
b4 Qe6 22. Rc2 Bf8 23. Rbc1 Bd6 24. Qg5 Be7 25. Qh6 Qf5 26. Rc5 Bxc5 27. Rxc5
Qf6 28. Bc3 Qg7 29. Qf4 f6 30. Qxe4 Re8 31. Qc2 Qf7 32. d5 cxd5 33. Bd4 Kg7 34.
g4 hxg4 35. hxg4 Kh7 36. Kg2 Re7 37. Qc1 Rh8 38. g5 Qe6 39. Bxf6 Qg4+ 40. Kf1
Qh3+ 41. Ke2 Qg4+ 42. Kf1 Qh3+ 43. Ke2 Qg4+ 44. Kf1 1/2-1/2

[Event "RA Introductory Active"]
[Site "Ottawa CAN"]
[Date "2006.09.14"]
[Round "6"]
[White "Gelblum, Robert"]
[Black "Pacey, Kevin"]
[Result "0-1"]
[WhiteElo "2026"]
[BlackElo "2137"]
[PlyCount "106"]
[EventDate "2006.09.07"]
[EventType "swiss (rapid)"]
[EventRounds "6"]
[EventCountry "CAN"]

1. e4 e6 2. d4 d5 3. Nd2 Nc6 4. Ngf3 Nf6 5. e5 Ng4 6. h3 Nh6 7. c3 f6 8. exf6
Qxf6 9. Be2 Bd6 10. Nf1 Nf5 11. Bg5 Qf7 12. g4 Nfe7 13. Qd2 Bd7 14. Ng3 O-O-O
15. O-O-O Rdf8 16. Rhf1 h6 17. Be3 Bf4 18. Nh5 Bxe3 19. fxe3 Qg8 20. Bd3 g6 21.
Ng3 Qg7 22. e4 Rf7 23. e5 Rhf8 24. Nh2 Rxf1 25. Rxf1 Be8 26. Rxf8 Qxf8 27. Qe3
g5 28. Qf3 Qxf3 29. Nxf3 Bg6 30. Kd2 Kd7 31. h4 gxh4 32. Nxh4 Bxd3 33. Kxd3 Ke8
34. Nh5 Kf7 35. Nf6 Ng8 36. Nxg8 Kxg8 37. Ke3 Kg7 38. Kf4 Ne7 39. g5 Ng6+ 40.
Nxg6 Kxg6 41. gxh6 Kxh6 42. b3 b5 43. a4 bxa4 44. bxa4 Kh5 45. a5 a6 46. Kf3
Kg5 47. Kg3 Kf5 48. Kf3 c6 49. Ke3 Kg4 50. Kd3 Kf4 51. c4 Kf3 52. cxd5 cxd5 53.
Kc3 Ke4 0-1

[Event "RA Spring op"]
[Site "Ottawa CAN"]
[Date "2006.03.04"]
[Round "1"]
[White "Pacey, Kevin"]
[Black "Hyseni, Astrit"]
[Result "1-0"]
[WhiteElo "2198"]
[BlackElo "1880"]
[PlyCount "69"]
[EventDate "2006.03.03"]
[EventType "swiss"]
[EventRounds "5"]
[EventCountry "CAN"]

1. d4 d5 2. c4 Nf6 3. cxd5 Qxd5 4. Nc3 Qd8 5. e4 c6 6. Nf3 Bg4 7. Be3 e6 8. Qb3
b5 9. Nd2 h6 10. h3 Bh5 11. g4 Bg6 12. Bg2 b4 13. Ne2 Nbd7 14. f4 c5 15. f5
exf5 16. exf5 Bh7 17. Bxa8 Qxa8 18. O-O Ne4 19. Nxe4 Qxe4 20. Rae1 c4 21. Ng3
cxb3 22. Nxe4 bxa2 23. b3 g6 24. Ra1 gxf5 25. gxf5 Rg8+ 26. Kh1 Nb6 27. Nf6+
Ke7 28. Nxg8+ Bxg8 29. Rxa2 f6 30. Rxa7+ Nd7 31. Re1 Bd5+ 32. Kg1 h5 33. Bf4+
Kd8 34. Bc7+ Kc8 35. Re8# 1-0

[Event "RA Spring op"]
[Site "Ottawa CAN"]
[Date "2006.03.04"]
[Round "2"]
[White "Gelblum, Robert"]
[Black "Pacey, Kevin"]
[Result "1/2-1/2"]
[WhiteElo "2117"]
[BlackElo "2198"]
[PlyCount "48"]
[EventDate "2006.03.03"]
[EventType "swiss"]
[EventRounds "5"]
[EventCountry "CAN"]

1. e4 c5 2. Nf3 d6 3. Bb5+ Bd7 4. Bxd7+ Nxd7 5. O-O Ngf6 6. Qe2 e6 7. c3 Be7 8.
d4 O-O 9. e5 Ne8 10. Rd1 cxd4 11. cxd4 d5 12. Nc3 Nc7 13. Bf4 Re8 14. Rac1 Rc8
15. Rc2 Na6 16. a3 Nb6 17. Rdc1 Nb8 18. Nd2 Nc6 19. Qe3 Qd7 20. h3 Na5 21. Bg5
Nbc4 22. Nxc4 Nxc4 23. Qg3 Bxg5 24. Qxg5 h6 1/2-1/2

[Event "RA Spring op"]
[Site "Ottawa CAN"]
[Date "2006.03.04"]
[Round "3"]
[White "Pacey, Kevin"]
[Black "Beckwith, Paul"]
[Result "1/2-1/2"]
[WhiteElo "2198"]
[BlackElo "2160"]
[PlyCount "146"]
[EventDate "2006.03.03"]
[EventType "swiss"]
[EventRounds "5"]
[EventCountry "CAN"]

1. d4 Nf6 2. c4 e6 3. g3 d5 4. Bg2 c6 5. Nf3 Bd6 6. Nbd2 Nbd7 7. Qc2 O-O 8. O-O
e5 9. cxd5 cxd5 10. dxe5 Nxe5 11. Nxe5 Bxe5 12. Nf3 Qc7 13. Qb3 Be6 14. Nxe5
Qxe5 15. Bf4 Qxe2 16. Qxb7 a6 17. Rfe1 Qb5 18. Qxb5 axb5 19. Bf1 d4 20. Bxb5
Rxa2 21. Rxa2 Bxa2 22. Rd1 Nd5 23. Be5 Bb3 24. Rd3 Ba2 25. Ra3 Bb1 26. Bxd4 Rd8
27. Bc6 Nb4 28. Bd7 h6 29. Ra7 Be4 30. Rc7 Kh7 31. f4 Na6 32. Ra7 Nb8 33. Bxg7
Rxd7 34. Rxd7 Nxd7 35. Bd4 Kg6 36. g4 h5 37. gxh5+ Kxh5 38. h3 Kh4 39. Kh2 Kh5
40. Kg3 Kg6 41. b4 Bd3 42. h4 Be2 43. Kf2 Bb5 44. Kf3 Kf5 45. h5 Nf8 46. Bg7
Bc6+ 47. Kg3 Nd7 48. h6 Kg6 49. f5+ Kh7 50. Kf4 Nb6 51. Ke5 Nc4+ 52. Kd4 Nd2
53. Ke5 Nf3+ 54. Kf4 Nh4 55. Kg5 Ng2 56. Kf6 Bd5 57. Ke5 Bc4 58. Kd4 Bb5 59.
Kc5 Bd3 60. f6 Nf4 61. b5 Ne6+ 62. Kb4 Nd8 63. b6 Be4 64. Kc5 Nb7+ 65. Kd4 Bg2
66. Kc4 Kg6 67. Kd4 Nd8 68. Kc5 Nb7+ 69. Kd4 Bc6 70. Kc4 Be4 71. Kd4 Bg2 72.
Ke5 Bh1 73. Kd4 Bg2 1/2-1/2

[Event "RA Spring op"]
[Site "Ottawa CAN"]
[Date "2006.03.05"]
[Round "4"]
[White "Gordon, David"]
[Black "Pacey, Kevin"]
[Result "0-1"]
[WhiteElo "2143"]
[BlackElo "2198"]
[PlyCount "56"]
[EventDate "2006.03.03"]
[EventType "swiss"]
[EventRounds "5"]
[EventCountry "CAN"]

1. d4 c6 2. e4 d5 3. Nc3 dxe4 4. Nxe4 Bf5 5. Ng3 Bg6 6. h4 h6 7. h5 Bh7 8. Nf3
Nd7 9. Bd3 Bxd3 10. Qxd3 e6 11. Bd2 Ngf6 12. O-O-O Be7 13. Kb1 O-O 14. Ne4 c5
15. Nxf6+ Bxf6 16. dxc5 Nxc5 17. Qxd8 Rfxd8 18. Be3 Na4 19. c3 a6 20. Kc2 Rac8
21. Bd4 Bxd4 22. Rxd4 Rxd4 23. Nxd4 Kf8 24. Rh3 Rc5 25. b3 Nb6 26. c4 Nd5 27.
g4 b5 28. Kd3 Nf4+ 0-1

[Event "RA Spring op"]
[Site "Ottawa CAN"]
[Date "2006.03.05"]
[Round "5"]
[White "Pacey, Kevin"]
[Black "Nezirovic, Ozren"]
[Result "1/2-1/2"]
[WhiteElo "2198"]
[BlackElo "2163"]
[PlyCount "72"]
[EventDate "2006.03.03"]
[EventType "swiss"]
[EventRounds "5"]
[EventCountry "CAN"]

1. e4 e5 2. Nf3 Nc6 3. Bb5 a6 4. Ba4 Nf6 5. O-O Be7 6. Qe2 b5 7. Bb3 O-O 8. c3
d6 9. a4 Rb8 10. axb5 axb5 11. d4 exd4 12. cxd4 Bg4 13. Be3 d5 14. e5 Ne4 15.
Rc1 Rb6 16. Nc3 Nxc3 17. Rxc3 Bb4 18. Rxc6 Rxc6 19. Qxb5 Rb6 20. Qxd5 Qxd5 21.
Bxd5 Be7 22. b3 Be6 23. Bc4 Bxc4 24. bxc4 Rfb8 25. h3 Rb1+ 26. Rxb1 Rxb1+ 27.
Kh2 Rb4 28. Nd2 f6 29. exf6 Bxf6 30. Kg3 h6 31. Kf3 Kf7 32. Ke4 c6 33. Kd3 Ke6
34. Ke4 Ra4 35. g3 h5 36. h4 Rb4 1/2-1/2

[Event "RA Summer Pickup #1"]
[Site "Ottawa CAN"]
[Date "2006.05.04"]
[Round "1"]
[White "Yao, Sammy"]
[Black "Pacey, Kevin"]
[Result "1-0"]
[WhiteElo "2005"]
[BlackElo "2205"]
[PlyCount "57"]
[EventDate "2006.05.04"]
[EventType "swiss"]
[EventRounds "6"]
[EventCountry "CAN"]

1. e4 b6 2. d4 Bb7 3. Nc3 e6 4. Bd3 Nf6 5. Nf3 Bb4 6. Qe2 d5 7. exd5 Nxd5 8.
Bd2 Nxc3 9. bxc3 Be7 10. O-O Nd7 11. Rae1 O-O 12. Ne5 Nxe5 13. dxe5 Bc5 14. Qg4
Kh8 15. Bg5 f5 16. exf6 gxf6 17. Qh3 Qd7 18. Be3 Rg8 19. f3 Bxe3+ 20. Rxe3 Qg7
21. g3 e5 22. f4 e4 23. Bxe4 Qe7 24. Qf5 Rae8 25. Rfe1 Bc8 26. Qd5 Be6 27. Qd4
Rd8 28. Bd5 c5 29. Qd3 1-0

[Event "RA Summer Pickup #1"]
[Site "Ottawa CAN"]
[Date "2006.05.11"]
[Round "2"]
[White "Pacey, Kevin"]
[Black "Gordon, David"]
[Result "0-1"]
[WhiteElo "2205"]
[BlackElo "2143"]
[PlyCount "72"]
[EventDate "2006.05.04"]
[EventType "swiss"]
[EventRounds "6"]
[EventCountry "CAN"]

1. d4 f5 2. g3 Nf6 3. Bg2 g6 4. Nf3 Bg7 5. O-O O-O 6. c4 d6 7. Nc3 Qe8 8. Nd5
Nxd5 9. cxd5 Nd7 10. Ng5 Nb6 11. a4 a5 12. Be3 h6 13. Ne6 Bxe6 14. dxe6 d5 15.
Qc1 Qc6 16. Qxc6 bxc6 17. Rac1 Nc4 18. Bf4 Rab8 19. Bxc7 Rxb2 20. Rfd1 Rc8 21.
Be5 Bxe5 22. dxe5 Rxe2 23. Bf1 Rxe5 24. Bxc4 dxc4 25. Rxc4 Rxe6 26. Rc5 Ra8 27.
Rdc1 Ra6 28. h4 h5 29. Kg2 Kf7 30. R1c4 Rd6 31. Kf3 Kf6 32. Kf4 e6 33. f3 Rd5
34. Rxc6 Rxc6 35. Rxc6 Rd4+ 36. Ke3 Rxa4 0-1

[Event "RA Summer Pickup #1"]
[Site "Ottawa CAN"]
[Date "2006.05.18"]
[Round "3"]
[White "Hubley, Roger"]
[Black "Pacey, Kevin"]
[Result "0-1"]
[WhiteElo "1943"]
[BlackElo "2205"]
[PlyCount "94"]
[EventDate "2006.05.04"]
[EventType "swiss"]
[EventRounds "6"]
[EventCountry "CAN"]

1. e4 c6 2. d4 d5 3. exd5 cxd5 4. c4 Nf6 5. Nc3 g6 6. cxd5 Bg7 7. Qb3 O-O 8.
Be2 Nbd7 9. Bf3 Qb6 10. Qc4 Ne8 11. Nge2 Nd6 12. Qa4 Nf5 13. O-O Nxd4 14. Nxd4
Bxd4 15. Nb5 Bg7 16. Be3 Qf6 17. Bd4 Ne5 18. Be2 Qf4 19. Rad1 Bd7 20. Qa3 a6
21. Be3 Qf6 22. Nc3 Rac8 23. Bd4 Qd6 24. Qb3 b5 25. Ne4 Qc7 26. Ng3 Rfe8 27.
Qa3 a5 28. b3 Ng4 29. Bxg7 Kxg7 30. Rc1 Qb6 31. Qb2+ Qf6 32. Qd2 Rxc1 33. Qxc1
Rc8 34. Qd2 Qc3 35. Qf4 Nf6 36. Rd1 Qb2 37. d6 exd6 38. Qxd6 Rc1 39. Rxc1 Qxc1+
40. Qd1 Qb2 41. a4 bxa4 42. bxa4 Qb4 43. h3 Bxa4 44. Qa1 Bc2 45. Bf3 a4 46. Qe5
a3 47. Bd5 Qb2 0-1

[Event "RA Summer Pickup #2"]
[Site "Ottawa CAN"]
[Date "2006.07.06"]
[Round "3"]
[White "Pacey, Kevin"]
[Black "De Kerpel, Stijn"]
[Result "1-0"]
[WhiteElo "2172"]
[BlackElo "2075"]
[PlyCount "105"]
[EventDate "2006.06.23"]
[EventType "swiss"]
[EventRounds "6"]
[EventCountry "CAN"]

1. g3 d5 2. Bg2 e5 3. d3 Nf6 4. Nf3 Nc6 5. O-O Be7 6. c3 O-O 7. Qc2 h6 8. e4
Be6 9. Nbd2 dxe4 10. dxe4 Qd7 11. b4 a6 12. Re1 Rad8 13. Bf1 Nh7 14. Nc4 Bf6
15. Ne3 Ng5 16. Nxg5 Bxg5 17. Rd1 Qe7 18. Nd5 Bxd5 19. exd5 Na7 20. Bxg5 Qxg5
21. c4 f5 22. a4 f4 23. Ra3 Nc8 24. c5 Kh8 25. Bg2 Ne7 26. Qe4 Ng8 27. Re1 Rde8
28. d6 cxd6 29. cxd6 fxg3 30. fxg3 Nf6 31. Qe3 Qh5 32. Qe2 Qg5 33. Bxb7 Rb8 34.
Bxa6 Rxb4 35. Qxe5 Qd2 36. Rd3 Qc2 37. Qc3 Qxc3 38. Rxc3 Rxa4 39. Rc8 Rxc8 40.
Bxc8 Rd4 41. d7 Rxd7 42. Bxd7 Nxd7 43. Kf2 Nf6 44. Kf3 Kh7 45. Ra1 g5 46. Ra2
Kg6 47. Ke3 h5 48. Kd4 Kf5 49. h3 Nd7 50. Ra5+ Kf6 51. Rb5 Nf8 52. Ke4 Nd7 53.
Ra5 1-0

[Event "RA Summer Pickup #2"]
[Site "Ottawa CAN"]
[Date "2006.07.13"]
[Round "4"]
[White "Dougherty, Doug"]
[Black "Pacey, Kevin"]
[Result "0-1"]
[WhiteElo "1859"]
[BlackElo "2172"]
[PlyCount "104"]
[EventDate "2006.06.23"]
[EventType "swiss"]
[EventRounds "6"]
[EventCountry "CAN"]

1. e4 c6 2. d4 d5 3. Nc3 dxe4 4. Nxe4 Nf6 5. Nxf6+ gxf6 6. Be3 Bf5 7. Ne2 e6 8.
Ng3 Bg6 9. Bd3 Na6 10. a3 Nc7 11. Bxg6 hxg6 12. c4 f5 13. Qd2 Bg7 14. h3 g5 15.
Bxg5 Qxd4 16. Qxd4 Bxd4 17. Rb1 f6 18. Bd2 O-O-O 19. Ne2 Bxf2+ 20. Kxf2 Rxd2
21. Rhd1 Rxd1 22. Rxd1 e5 23. Ng3 f4 24. Nf5 Ne8 25. Kf3 Kc7 26. Rd2 Rh7 27.
Kg4 Ng7 28. c5 Ne6 29. b4 Rd7 30. Rd6 Rxd6 31. cxd6+ Kd7 32. h4 b6 33. h5 c5
34. bxc5 bxc5 35. Kf3 Ng5+ 36. Ke2 e4 37. h6 c4 38. Kd2 f3 39. gxf3 exf3 40.
Kc3 f2 41. Ne3 Kxd6 42. Kxc4 Kc6 43. Kd3 Kb5 44. Ke2 Ka4 45. Kxf2 Kxa3 46. Nd5
a5 47. Ke3 Kb3 48. Nxf6 a4 49. Ne4 a3 50. Nc5+ Kc4 51. Ne4 Nh7 52. Nd2+ Kb4 0-1

[Event "RA Summer Pickup #2"]
[Site "Ottawa CAN"]
[Date "2006.07.20"]
[Round "5"]
[White "Pacey, Kevin"]
[Black "Xiong, Jerry"]
[Result "0-1"]
[WhiteElo "2172"]
[BlackElo "1896"]
[PlyCount "112"]
[EventDate "2006.06.23"]
[EventType "swiss"]
[EventRounds "6"]
[EventCountry "CAN"]

1. b4 e5 2. Bb2 f6 3. e4 d5 4. exd5 Bxb4 5. Bc4 Bf5 6. Ne2 Ne7 7. Ng3 Bg6 8.
O-O Nxd5 9. Qg4 Nc6 10. Nc3 Nde7 11. Nh5 Bxh5 12. Qxh5+ g6 13. Qf3 f5 14. Nd5
Qd6 15. Nxe7 Qxe7 16. Bd5 e4 17. Bxc6+ bxc6 18. Qb3 Rf8 19. Qc4 Qd6 20. Rab1
Bc5 21. Bg7 Rf7 22. d4 Bb6 23. Be5 Qd5 24. Qa4 Qd7 25. Qa6 Qc8 26. Qe2 Qe6 27.
a4 Rd8 28. c3 Kf8 29. Kh1 Kg8 30. f3 exf3 31. Rxf3 c5 32. Re3 Qc6 33. Qc4 Qd5
34. Qe2 cxd4 35. cxd4 Bxd4 36. Bxd4 Qxd4 37. Re8+ Rxe8 38. Qxe8+ Kg7 39. h3 Qe4
40. Qb5 Qd4 41. Qe8 Qe4 42. Qb5 f4 43. Rf1 Qd4 44. Qb3 c5 45. Rd1 Qe5 46. Qd3
Qf5 47. Qc3+ Kh6 48. Rc1 f3 49. g4 Qd5 50. Qe3+ Kg7 51. Rxc5 Qd1+ 52. Kh2 Qd6+
53. Kh1 f2 54. Qc3+ Qf6 55. Qxf6+ Rxf6 56. Rc7+ Kh6 0-1

[Event "RA Summer Pickup #3"]
[Site "Ottawa CAN"]
[Date "2006.08.03"]
[Round "2"]
[White "Pacey, Kevin"]
[Black "De Kerpel, Stijn"]
[Result "1/2-1/2"]
[WhiteElo "2161"]
[BlackElo "2068"]
[PlyCount "129"]
[EventDate "2006.07.27"]
[EventType "swiss"]
[EventRounds "6"]
[EventCountry "CAN"]

1. e4 c5 2. Nc3 Nc6 3. g3 g6 4. Bg2 Bg7 5. d3 d6 6. Bg5 Rb8 7. Qd2 h6 8. Be3
Nf6 9. h3 e5 10. Nge2 Nd4 11. g4 h5 12. g5 Nh7 13. Nd5 Be6 14. c3 Nxe2 15. Qxe2
O-O 16. O-O-O Bxd5 17. exd5 Nxg5 18. Qd2 Nh7 19. Rdg1 Kh8 20. Be4 Qe8 21. Bh6
Nf6 22. Bf3 Kh7 23. Bxg7 Kxg7 24. Rg5 Rh8 25. Rhg1 Qa4 26. Kb1 Rbe8 27. b3 Qd7
28. Qe3 a5 29. Be4 Rh6 30. Bf5 Qe7 31. c4 b5 32. cxb5 Nxd5 33. Qd2 Nf4 34. R5g3
d5 35. h4 Qxh4 36. Bd7 Re7 37. Bc6 Qf6 38. Re3 h4 39. Qxa5 h3 40. Qd2 Qd6 41.
Rh1 g5 42. Rg3 Rg6 43. a4 e4 44. d4 cxd4 45. Qxd4+ f6 46. Re3 g4 47. a5 Qb8 48.
b4 Kh7 49. b6 f5 50. b5 Ree6 51. a6 Rxc6 52. bxc6 Rxc6 53. Rb3 Kg6 54. a7 Qb7
55. Qa4 Rxb6 56. a8=Q Rxb3+ 57. Ka2 Rb2+ 58. Ka1 Qxa8 59. Qxa8 Rxf2 60. Qe8+
Kg5 61. Qe7+ Kh5 62. Qh7+ Kg5 63. Qe7+ Kh5 64. Qh7+ Kg5 65. Qe7+ 1/2-1/2

[Event "RA Summer Pickup #3"]
[Site "Ottawa CAN"]
[Date "2006.08.17"]
[Round "4"]
[White "Gordon, David"]
[Black "Pacey, Kevin"]
[Result "1/2-1/2"]
[WhiteElo "2170"]
[BlackElo "2161"]
[PlyCount "127"]
[EventDate "2006.07.27"]
[EventType "swiss"]
[EventRounds "6"]
[EventCountry "CAN"]

1. d4 d5 2. Nf3 e6 3. Bf4 Bd6 4. g3 Nf6 5. Nbd2 c5 6. Bxd6 Qxd6 7. dxc5 Qxc5 8.
c4 Nc6 9. cxd5 exd5 10. Bg2 O-O 11. O-O Re8 12. Nb3 Qb6 13. e3 Bf5 14. Nfd4 Be4
15. Nxc6 Qxc6 16. Nd4 Qa6 17. Bh3 Re5 18. Qb3 Rh5 19. Bg2 Bxg2 20. Kxg2 Ne4 21.
Rac1 Rf8 22. Rfd1 Qf6 23. Rc2 Qh6 24. h4 Qg6 25. Qxb7 Nd6 26. Qb3 Rxh4 27. Rc6
Qg4 28. Qxd5 Rh5 29. Qf3 Qh3+ 30. Kg1 Nf5 31. Nxf5 Rxf5 32. Qg2 Qg4 33. Rcd6
Qb4 34. Rd8 g6 35. Qa8 Rxd8 36. Qxd8+ Kg7 37. Qd4+ Qxd4 38. exd4 Kf6 39. d5 Ke7
40. d6+ Kd7 41. Kg2 Rc5 42. Rd2 h5 43. Kf3 Rc4 44. b3 Rb4 45. Rd3 Rb6 46. Kf4
f6 47. Ke4 Rxd6 48. Rxd6+ Kxd6 49. b4 Kc6 50. a4 Kd6 51. f4 Kc6 52. Kd4 g5 53.
Ke4 h4 54. gxh4 gxh4 55. f5 h3 56. Kf3 Kd5 57. Kg3 Kc4 58. Kxh3 Kxb4 59. Kg4
Kxa4 60. Kh5 a5 61. Kg6 Kb3 62. Kxf6 a4 63. Ke7 a3 64. f6 1/2-1/2

[Event "RA Summer Pickup #3"]
[Site "Ottawa CAN"]
[Date "2006.08.24"]
[Round "5"]
[White "De Kerpel, Stijn"]
[Black "Pacey, Kevin"]
[Result "1-0"]
[WhiteElo "2068"]
[BlackElo "2161"]
[PlyCount "49"]
[EventDate "2006.07.27"]
[EventType "swiss"]
[EventRounds "6"]
[EventCountry "CAN"]

1. d4 e6 2. Nf3 Nf6 3. Bf4 b6 4. e3 Bb7 5. Nbd2 Be7 6. h3 c5 7. c3 Ne4 8. Nxe4
Bxe4 9. Bd3 Bxd3 10. Qxd3 cxd4 11. Nxd4 d5 12. O-O O-O 13. e4 Bf6 14. e5 Bg5
15. Bxg5 Qxg5 16. f4 Qe7 17. f5 exf5 18. Nxf5 Qxe5 19. Rae1 Qc7 20. Kh1 Nd7 21.
Qd4 f6 22. Re7 Kh8 23. Qg4 g6 24. Nh4 Qc4 25. Qxc4 1-0

[Event "RA Summer Pickup #3"]
[Site "Ottawa CAN"]
[Date "2006.08.31"]
[Round "6"]
[White "Pacey, Kevin"]
[Black "Sadeghi, Saeid"]
[Result "1/2-1/2"]
[WhiteElo "2161"]
[BlackElo "1969"]
[PlyCount "62"]
[EventDate "2006.07.27"]
[EventType "swiss"]
[EventRounds "6"]
[EventCountry "CAN"]

1. e4 c5 2. Nf3 Nc6 3. d4 cxd4 4. Nxd4 Nf6 5. Nc3 d6 6. Bg5 e6 7. Qd2 a6 8.
O-O-O Bd7 9. f4 Be7 10. Nb3 b5 11. Bxf6 gxf6 12. a3 Na5 13. Nxa5 Qxa5 14. Be2
Qb6 15. Qd4 Qb7 16. Bf3 Bc6 17. Rhe1 O-O-O 18. Nd5 exd5 19. exd5 Be8 20. Bg4+
Kb8 21. Re3 Rg8 22. Bf5 Bf8 23. Rde1 Bg7 24. Re7 Bd7 25. Bxd7 Rxd7 26. Rxd7
Qxd7 27. Qb6+ Ka8 28. Qxa6+ Kb8 29. Qb6+ Ka8 30. Qa6+ Kb8 31. Qb6+ Ka8 1/2-1/2

[Event "RACC ch"]
[Site "Ottawa CAN"]
[Date "2006.01.05"]
[Round "1"]
[White "Pacey, Kevin"]
[Black "Bunning, Les"]
[Result "1-0"]
[WhiteElo "2234"]
[BlackElo "1781"]
[PlyCount "111"]
[EventDate "2006.01.05"]
[EventType "swiss"]
[EventRounds "7"]
[EventCountry "CAN"]

1. d4 Nf6 2. c4 g6 3. Nc3 Bg7 4. e4 d6 5. Be2 O-O 6. Nf3 c5 7. d5 Nbd7 8. O-O
Ne8 9. Re1 Ne5 10. Nd2 g5 11. Nf1 h6 12. Ng3 e6 13. Nh5 exd5 14. Nxg7 Kxg7 15.
Nxd5 Nc7 16. f4 Ng6 17. b4 Nxd5 18. cxd5 b6 19. Bb2+ f6 20. fxg5 hxg5 21. Qd2
Ne5 22. Bxe5 fxe5 23. bxc5 bxc5 24. Rab1 a5 25. Rb3 Ba6 26. Bxa6 Rxa6 27. Rb7+
Rf7 28. Rxf7+ Kxf7 29. Qe2 Ra7 30. Qh5+ Kg7 31. Rf1 Kg8 32. Qg6+ Rg7 33. Qe6+
Kh8 34. Rf6 c4 35. Qxd6 Qxd6 36. Rxd6 Rb7 37. Rc6 Kg7 38. Kf2 Kf7 39. Kf3 Rb2
40. Rxc4 Rxa2 41. Rc7+ Ke8 42. h3 a4 43. g3 Ra3+ 44. Kg4 Re3 45. Kf5 Rxg3 46.
Kxe5 Rxh3 47. Kf5 a3 48. Kxg5 a2 49. Ra7 Rh2 50. Kf6 Rh6+ 51. Ke5 Rh2 52. d6
Kd8 53. Ke6 Rh6+ 54. Kd5 Rh2 55. e5 Rg2 56. Ra8+ 1-0

[Event "RACC ch"]
[Site "Ottawa CAN"]
[Date "2006.01.12"]
[Round "2"]
[White "Yao, Sammy"]
[Black "Pacey, Kevin"]
[Result "1/2-1/2"]
[WhiteElo "1985"]
[BlackElo "2234"]
[PlyCount "67"]
[EventDate "2006.01.05"]
[EventType "swiss"]
[EventRounds "7"]
[EventCountry "CAN"]

1. e4 e6 2. d4 d5 3. Nc3 Bb4 4. e5 c5 5. a3 Ba5 6. b4 cxd4 7. Nb5 Bc7 8. Nxc7+
Qxc7 9. f4 Bd7 10. Bd3 Ba4 11. Nf3 Qc3+ 12. Bd2 Qxd3 13. cxd3 Bxd1 14. Kxd1 Nc6
15. b5 Nce7 16. Nxd4 Nh6 17. Rc1 Kd7 18. Ke2 Rhc8 19. Be3 Nef5 20. Nxf5 Nxf5
21. g4 Nh4 22. a4 a6 23. Rxc8 Rxc8 24. bxa6 Rc2+ 25. Kd1 Ra2 26. a7 Rxa4 27.
Kc2 Kc6 28. Kb3 b5 29. Rc1+ Kb7 30. Rc5 Rxa7 31. Rxb5+ Kc6 32. Rc5+ Kb7 33.
Rb5+ Kc6 34. Rc5+ 1/2-1/2

[Event "RACC ch"]
[Site "Ottawa CAN"]
[Date "2006.01.19"]
[Round "3"]
[White "Pacey, Kevin"]
[Black "Hum, Peter"]
[Result "0-1"]
[WhiteElo "2234"]
[BlackElo "2088"]
[PlyCount "58"]
[EventDate "2006.01.05"]
[EventType "swiss"]
[EventRounds "7"]
[EventCountry "CAN"]

1. e4 d6 2. d4 g6 3. Nc3 c6 4. Be3 Bg7 5. Nf3 b5 6. Bd3 a6 7. O-O Nd7 8. Ne2
Ngf6 9. h3 O-O 10. Qd2 e5 11. c3 Bb7 12. Ng3 Re8 13. Rfe1 Qc7 14. Bh6 Bh8 15.
a4 Qb6 16. a5 Qc7 17. b4 exd4 18. cxd4 c5 19. Rac1 c4 20. Bb1 Rac8 21. Rc3 Qb8
22. Ng5 Qa7 23. Rd1 Nb8 24. Qf4 Ba8 25. Nf5 Nh5 26. Qh4 Rcd8 27. Rf3 Nc6 28. g4
Nf6 29. Nxd6 Rxd6 0-1